| 000 | 01453nam a2200229Ia 4500 | ||
|---|---|---|---|
| 003 | Ost | ||
| 005 | 20260507075757.0 | ||
| 008 | 260507s9999||||xx |||||||||||||| ||und|| | ||
| 020 | _a9789969537734 | ||
| 040 | _cfsecg | ||
| 041 | _aara | ||
| 082 | _a338.5 | ||
| 100 |
_aراهم، لخذيري _eمؤلف |
||
| 245 | 0 |
_aالإقتصاد الجزئي : _bسلسلة ملخصات وأعمال موجهة / _c لخذيري راهم |
|
| 260 |
_aالجزائر : _bدار إيلياء للنشر والتوزيع, _c2024 |
||
| 300 |
_a272 صفحة؛ _bإيضاحات ؛ _c24 سم |
||
| 504 | _aالمراجع ص.269-272 | ||
| 520 | _aمفاهيم النظرية الاقتصادية الجزئية و المتعلقة بالتحليل الاقتصادي بصفة عامة و التحليل الاقتصادي الجزئي بصفة خاصة ،تحليل سلوك المستهلك و مفاهيم المنفعة العددية و الترتيبية ، قانون العرض و الطلب و المرونات ، آليات الحكومة في التأثير على توازن السوق ، تحليل سلوك المنتج و مراحله و انواعه نظرية التكاليف ، تحليل سلوك المنتج في سوق المنافسة التامة و في حالة سوق الاحتكار التام و في حالة احتكار القلة . | ||
| 653 | _aالاقتصاد | ||
| 653 | _aالاقتصاد الجزئي | ||
| 942 | _cكتاب | ||
| 999 |
_c46252 _d46252 |
||